000 00327 a2200157 4500
001 185263
020 _a
040 _cMagnum
100 _aHouaiss, Antonio
240 1 0 _aSilva Alvarenga: poesia
_lpor
245 1 0 _aSilva Alvarenga: poesia
300 _a73
362 0 _a1958
697 _aLITERATURA GERAL
942 _cBK
999 _c185263
_d185263